1407 1428 1281 1320 1365 1536 1027 1135 1849 1276 1564 1337 1581 1237 1458 1929 1108 1816 1786 1286 1208 1719 1735 1923 1286 1386 1438 1809 1057 1306 1621 1380 1591 1119 1331 1528 1228 1775 1100 1547 1896 1237 1657 1352 1091 1229 1893 1441 1805 1860 1967 1676 1634 1157 1148 1120 1637 1377 1403 1007 1387 1206 1846 1763 1208 1787 1009 1369 1914 1377 1229 1106 1856 1159 1213 1753 1402 1882 1607 1900 1267 1990 1149 1921 1885 1125 1797 1980 1717 1910 1305 1531 1622 1956 1057 1044 1541 1602 1393 BCNSPRNW ULIB Ver.6.0+V

เปลี่ยนเป็นภาษาไทย

Change to English
 แสดงรายละเอียดบรรณานุกรม
  กลับหน้าหลัก

Brief Record : Get Marc (ISO 2709) : E-mail record : QR code < ปิดหน้าต่าง
LEADER : 00000nam 2200000uu 4500
001    13399127473
003     ULIB
008    200604s||||||||th 000 0 tha d
020    ^a9781506256375 (pbk.)
050  4 ^aPE1128^bL887Bi
100 1  ^aLougheed, Lin,^d1946-
245 10 ^aBarron s IELTS :^binternational English Language TestingSystem /^cLin Lougheed
246 30 ^aIELTS :^bInternational English Language Testing System
246 30 ^aInternational English Language Testing System
250    ^a5th ed.
260    ^aHauppauge, N.Y. :^bKaplan/Barron s Educational Series,^c2019
300    ^avi, 529 p. :^bill. ;^c28 cm.
505 0  ^aIntroduction -- Preparing for IELTS -- Listening module --Reading module -- Wriiting module -- Speaking module --IELTS model tests -- Audioscripts
650  0 ^aInternational English Language Testing System^vStudyguides
650  0 ^aEnglish language^vTextbooks for foreign speakers
650  0 ^aEnglish language^xExaminations^vStudy guides
653    ^aIELTS
945    ^p0^l0^i28379
999    ^aกัณชพร จุลอักษร
รายการนี้ยังไม่มีแท็ก
คุณยังไม่ได้ล็อกอิน คุณสามารถมีกิจกรรมร่วมกับเว็บไซต์ได้ แต่ต้องล็อกอินก่อน ::
  ล็อกอิน

รายการสื่อสารสนเทศ

ลำดับที่ ประเภท เลขเรียก/บาร์โค้ด สถานที่ สถานะ
1. หนังสือสำรอง
หนังสือสำรอง
PE1128 L887Bi ฉ.1 
  Barcode: 28379
ห้องสมุดวิทยาเขตนครสวรรค์
►หนังสือทั่วไป:l:General Books
บนชั้น

BibComment


ยังไม่เคยถูกคอมเมนท์

คอมเมนท์ทรัพยากรรายการนี้
  คอมเมนท์: Barron s IELTS ..


 Copyright 2026. Bcnsprnw @Library